000 00435pab a2200157 454500
008 180718b2008 xxu||||| |||| 00| 0 eng d
100 _aTalbot, Colin
245 _aPerformance regimes - the institutional context of performance policies
260 _c2008
300 _ap.1569-591.
362 _aDec
650 _aPerformance appraisal
773 _aInternational Journal of Public Administration
908 _aN
909 _a81177
999 _c81177
_d81177